000 00977cam a2200301 a 4500
008 000602s2000 maua b 001 0 eng d
010 _a 99071957
020 _a0395960088 (student ed.)
020 _a0395960460 (instructor's annotated ed.)
040 _aBXM
_cBXM
_dDLC
050 0 0 _aPN4121
_b.O833 2000
082 0 0 _a808.5/1
_221
092 0 4 _a808.51
_bO813 2000
_221
099 _a04
_a808.51 O813 2000
100 1 _aOsborn, Michael,
_d1937-
245 1 0 _aPublic speaking /
_cMichael Osborn, Suzanne Osborn.
250 _a5th ed., instructor's annotated ed.
260 _aBoston :
_bHoughton Mifflin,
_cc2000.
300 _axxi, 512 p. :
_bcol. ill. ;
_c26 cm.
504 _aIncludes bibliographical references and index.
650 0 _aPublic speaking.
700 1 _aOsborn, Suzanne.
902 _a1
905 _aGehan
_eRev.
905 _aJamal
_eCat.
942 _2ddc
_cBK
999 _c117465
_d117465